| 000 | 01453nab a22002537a 4500 | ||
|---|---|---|---|
| 999 |
_c5361 _d5361 |
||
| 003 | OSt | ||
| 005 | 20250225212439.0 | ||
| 008 | 190603e xxum|||| |||| 00| 0 spa d | ||
| 040 | _cPJ-TDF | ||
| 100 |
_96396 _aLópez, Dante Ariel |
||
| 245 | 1 | 0 |
_aAutorización de medicamentos no aprobados por ANMAT : _bseguridad versus necesidad / _cDante Ariel López. |
| 260 |
_cCiudad Autónoma de Buenos Aires : _aThomson Reuters La Ley, _b2024. |
||
| 300 | _ap. 36-43 | ||
| 500 | _aCita: TR LALEY AR/DOC/2771/2024. | ||
| 505 | _aSumario: I. Introducción.— II. El proceso de aprobación de medicamentos. Etapas y requisitos.— III. Aclaración terminológica. Tratamiento experimental y uso compasivo de medicamentos.— IV. El ANMAT como garante de la seguridad de los medicamentos en Argentina. Evolución de la normativa.— V. Tratamientos no aprobados por la autoridad administrativa y la necesidad de su aplicación: necesidad vs. seguridad o riesgo vs. beneficio.— VI. Conclusiones. | ||
| 505 | _t¿Te interesa el texto completo? Solicitalo al correo: koha@justierradelfuego.gov.ar | ||
| 650 | 0 |
_91253 _aDERECHO A LA SALUD |
|
| 650 | 0 |
_95612 _aMEDICAMENTOS |
|
| 650 | 0 |
_94613 _aCOBERTURA MEDICA |
|
| 650 | 0 |
_94273 _aCONSENTIMIENTO INFORMADO |
|
| 650 | 0 | _aENSAYO CLINICO | |
| 773 | 0 |
_02713 _93170 _dCiudad Autónoma de Buenos Aires : Thomson Reuters La Ley, 2015- _tRevista Código Civil y Comercial. Nº 6 - Diciembre 2024 |
|
| 942 |
_2udc _cANA |
||